000 01036nam0a22002291i 4500
001 rc\258056
005 20240726070650.0
035 _a(NLR Aleph) 005531318
090 _a5612350
_c5612350
100 _a20030307d1990 u |0rusy50 ca
101 0 _arus
102 _aRU
105 _ay |||||||||
200 1 _aАсептическая нестабильность при тотальном эндопротезировании тазобедренного сустава
_e(Эксперим.-морфол., биомех. и клинико-стат. исслед.)
_eАвтореф. дис. на соиск. учен. степ. д-ра мед. наук
_e(14.00.22)
_fЦНИИ травматологии и ортопедии им. Н.Н. Приорова
210 _aМ.
_d1990
215 _a49 с.
320 _aБиблиогр.: с. 46-49 (33 назв.)
700 1 _aШерепо
_bК.М.
_gКонстантин Михайлович
801 0 _aRU
_bNLR
_gpsbo
801 1 _aRU
_bELAR
_2rusmarc
852 _aNLR
_jА90/10407
942 _cBOOK